La Osa de Andara (Record no. 156524)

MARC details
000 -LEADER
campo de control de longitud fija 00854nam a22002295i 4500
001 - NÚMERO DE CONTROL
campo de control 156524
003 - IDENTIFICADOR DE NÚMERO DE CONTROL
campo de control ES-MaACL
005 - FECHA Y HORA DE LA ÚLTIMA TRANSACCIÓN
campo de control 20230906210430.0
008 - DATOS DE LONGITUD FIJA--INFORMACIÓN GENERAL
campo de control de longitud fija 990108s1875 sp |||| | spa d
040 ## - FUENTE DE CATALOGACIÓN
Centro catalogador/agencia de origen CCPB | B
Lengua de catalogación spa
Centro/agencia transcriptor CCPB | B
100 1# - ENTRADA PRINCIPAL--NOMBRE DE PERSONA
Nombre de persona Juste y Garcés, Joaquín.
9 (RLIN) 128408
245 13 - MENCIÓN DEL TÍTULO
Título La Osa de Andara
Resto del título : (estudio psicológico) /
Mención de responsabilidad, etc. por Joaquín Juste Garcés.
260 ## - PUBLICACIÓN, DISTRIBUCIÓN, ETC.
Lugar de publicación, distribución, etc. Madrid :
Nombre del editor, distribuidor, etc. [s.n.],
Fecha de publicación, distribución, etc. 1875 (
Fabricante Imprenta de la Sociedad Tipográfica)
300 ## - DESCRIPCIÓN FÍSICA
Extensión 256 p. ;
Dimensiones 20 cm.
490 1# - MENCIÓN DE SERIE
Mención de serie Enciclopedia Popular publicada por la Sociedad Tipográfica ;
Designación de volumen o secuencia 1
510 4# - NOTA DE CITAS O REFERENCIAS BIBLIOGRÁFICAS
Nombre de la fuente Palau,
Localización dentro de la fuente 126674
596 ## - NOTA AL PIE DE IMPRENTA
NOTA AL PIE DE IMPRENTA Marca tip. en port.
597 ## - NOTA DE DESCRIPCIÓN FÍSICA
NOTA DE DESCRIPCIÓN FÍSICA Antep.
830 0# - PUNTO DE ACCESO ADICIONAL DE SERIE-TÍTULO UNIFORME
Título uniforme Enciclopedia Popular publicada por la Sociedad Tipográfica ;
Designación de volumen o secuencia 1
9 (RLIN) 221683
852 ## - LOCALIZACIÓN
Ubicación ES-MaACL
Número de control de estantería T-753-F-2
Nota libre -- Enc. hol.
-- -- Enc. en un vol. facticio
Holdings
Estatus retirado Estado de pérdida Estado de daño No para préstamo Colección Biblioteca de origen Biblioteca actual Ubicación en estantería Fecha de adquisición Total de préstamos Signatura topográfica completa Código de barras Visto por última vez Precio de reemplazo Tipo de ítem Koha
        Colección de folletos Biblioteca del Ateneo de Madrid Biblioteca del Ateneo de Madrid Depósito folletos 17/01/2008   T-753-F-2 1163760 23/02/2023 23/02/2023 Folleto